Elementos históricos de la revolución social en América Latina
Na minha lista:
| Autor principal: | |
|---|---|
| Formato: | Texto |
| Publicado em: |
San José:
Offiprint Industrial
|
| Tags: |
Adicionar Tag
Sem tags, seja o primeiro a adicionar uma tag!
|
MARC
| LEADER | 00000 a a2200000 04500 | ||
|---|---|---|---|
| 001 | 22785 | ||
| 003 | |||
| 040 | |||
| 090 | |a 156500 | ||
| 100 | |a Montero Quirós, Gerardo | ||
| 245 | |a Elementos históricos de la revolución social en América Latina | ||
| 260 | |a San José: |b Offiprint Industrial | ||
| 300 | |a 92 p. | ||
| 999 | |c 12732 |d 12732 | ||
